Al morir don Quijote

Spremljeno u:
Bibliografski detalji
Glavni autor: Trapiello, Andrés (Autor)
Format: Knjiga
Jezik:španjolski
Izdano: Barcelona Destino 2004
Izdanje:1a. ed
Serija:Colección Ancora y Delfín
Teme:
Oznake: Dodaj oznaku
Bez oznaka, Budi prvi tko označuje ovaj zapis!

MARC

LEADER 00000nam a2200000 a 4500
001 UCI7990
003 CL-VaPUC
008 080731e20040000SP |||||||||||||||||spa|d
020 |a 8423337251 
082 0 4 |a 860.9  |b TRA  |2 21 
100 0 |a Trapiello, Andrés  |e author  |9 531441 
245 1 0 |a Al morir don Quijote 
250 |a 1a. ed 
300 |a 441 p 
942 |c BK 
945 |d 20080731 00:00:00  |a jtorresc 
260 |a Barcelona  |b Destino  |c 2004 
600 0 7 |a DON QUIJOTE  |2 CL-VaPUC  |9 517664 
650 0 |a Literatura española  |9 306261 
650 0 |a Literatura contemporánea   |9 321959 
650 7 |a NARRATIVA ESPAÑOLA  |2 CL-VaPUC  |9 531442 
583 |a last modification  |c 20080731 00:00:00  |k Rodrigo Vera 
490 0 |a Colección Ancora y Delfín 
999 |c 331095  |d 331093 
952 |0 0  |1 0  |4 0  |6 860_900000000000000_TRA_2004  |7 0  |8 A  |9 417209  |a BIBEDU  |b BIBEDU  |d 2019-11-22  |i 4467248  |o 860.9 TRA 2004  |p 4467248  |r 2019-11-22  |w 2019-11-22  |y BK  |k LIT